000 00599nam a2200193Ia 4500
003 GCL
008 140319s9999 xx 000 0 ara d
040 _aGCL /
_cGCL
082 0 4 _a362.41
_bك ر
100 1 _aكارول، توماس.ج
245 1 0 _aرعاية المكفوفين نفسيا واجتماعيا ومهنيا /
_cكارول، توماس.ج
700 1 _aصلاح مخيمر(مترجم)
300 _a482 ث
490 _a
650 0 4 _aالخدمة الاجتماعية
650 0 4 _aالتعليم المهنى
650 0 4 _aالمكفوفون - رعاية
942 _2ddc
_cBK
999 _c37576
_d37576